000 01240cam a22003135a 4500
001 15218
003 BD-RjUL
005 20211208235755.0
008 050405r20112000ii d 000 0 beno
020 _a8186806865
035 _a(DLC) 2005320188
_a(BD-RjUL)15272
040 _aDLC
_cDLC
_dDLC
_dBD-RjUL
_beng
041 0 _aben
_aeng
082 _2 21
_a491.44321
245 0 0 _aSamsad Bengali-English dictionary /
_ccompiled by Sailendra Biswas ; ed. by Birendramohan Dasgupta ; revised by Subodhchandra Sengupta ; revised by Subhas Bhattacharya.
246 3 0 _aBengali-English dictionary
250 _aRev. & enl. 3rd ed.
260 _aKolkata :
_bSahitya Samsad :
_bDistributor, Indian Book Distributing Co.,
_c2000 [Reprinted 2011].
300 _a[16], 1093 p. ;
_c23 cm.
500 _a"Second edition edited by Birendramohan Dasgupta, revised by Subodhchandra Sengupta."
650 0 _aBengali language
_vDictionaries
_xEnglish.
_947326
700 1 _aBiswas, Sailendra, comp.
_d1918-
_945718
700 1 _aDasgupta, Birendramohan,ed.
_949080
700 1 _a Sengupta, Subodhchandra, rev.
_949081
700 1 _aBhaṭṭācārya, Subhāsha, rev.
_d1939-
_947327
942 _2ddc
_cREF
999 _c15218
_d15218